UM Logo

Project OESTS: (Record no. 14875)

MARC details
000 -LEADER
fixed length control field 00654nam a22001697a 4500
008 - FIXED-LENGTH DATA ELEMENTS--GENERAL INFORMATION
fixed length control field 200129b ||||| |||| 00| 0 eng d
082 ## - DEWEY DECIMAL CLASSIFICATION NUMBER
Edition number 2014
Classification number 1440
Item number N32
100 ## - MAIN ENTRY--PERSONAL NAME
Personal name Nelmida, Zeus Alexis C.
9 (RLIN) 41295
245 ## - TITLE STATEMENT
Title Project OESTS:
Remainder of title Online Evaluation System for Teachers by Student/
Statement of responsibility, etc. Zeus Alexis C. Nelmida, Jofrey T. Juarez & Stephen H. Florentino
260 ## - PUBLICATION, DISTRIBUTION, ETC. (IMPRINT)
Place of publication, distribution, etc. Digos City
Name of publisher, distributor, etc. UMDC
Date of publication, distribution, etc. March 2014
300 ## - PHYSICAL DESCRIPTION
Extent 55 pages
Dimensions 30 cm
650 ## - SUBJECT ADDED ENTRY--TOPICAL TERM
Topical term or geographic name as entry element Information Technology Education
Form subdivision IT
General subdivision Undergraduate Thesis
9 (RLIN) 41296
700 ## - ADDED ENTRY--PERSONAL NAME
Personal name Nelmida,Zeus Alexis C.
9 (RLIN) 41297
700 ## - ADDED ENTRY--PERSONAL NAME
Personal name Juarez,Jofrey T.
9 (RLIN) 41298
700 ## - ADDED ENTRY--PERSONAL NAME
Personal name Florentino,Stephen H.
9 (RLIN) 41299
942 ## - ADDED ENTRY ELEMENTS (KOHA)
Source of classification or shelving scheme Dewey Decimal Classification
Koha item type Undergraduate Thesis
Holdings
Withdrawn status Lost status Source of classification or shelving scheme Damaged status Not for loan Collection code Home library Current library Date acquired Total Checkouts Full call number Barcode Date last seen Price effective from Koha item type
    Dewey Decimal Classification     Undergraduate Theses UM Digos College - LIC UM Digos College - LIC 01/22/2020   UT 1440 N32 2014 UT 1440 01/29/2020 01/29/2020 Undergraduate Thesis